000 03743nab a2200337 i 4500
003 BR-BrBNA
005 20250929175220.0
008 250929b2021 bl.mr|pooa||| 00| 0 eng |
040 _aBR-BrBNA
_beng
072 _aF04
_b1990
072 _aF01
100 _aFonseca, Varley A.
100 _aRodrigues, Carlindo S.
100 _aAlvarenga, Rodrigo R.
100 _aSantos, Delfran B. dos
100 _aBebé, Felizarda V.
100 _aPina, Douglas S.
245 _aYield of ‘Gigante’ cactus pear cultivated under biofertilizer doses and application intervals
500 _aPublicação on-line; 24 ref.; 5 tables; Sumaries (En, Pt)
520 _a ABSTRACT: Due to the water restriction, associated with the high cost of fertilizers, and the need to produce forage in the semi-arid regions, studies using biofertilizers in cactus pear production tend to become impactful. The aim of this study was to evaluate the morphometric characteristics and yield of ‘Gigante’ cactus pear cultivated under doses and application intervals of bovine manure biofertilizer. The experimental design was in randomized blocks, in a 2 × 5 factorial scheme, with two biofertilizer application intervals (14 and 21 days) and five biofertilizer doses (0, 15, 30, 45 and 60 m3 ha-1). Three replicates were used, totaling 30 experimental units. The following variables were evaluated: plant height, number of cladodes, cladode length, cladode width and cladode area index, dry biomass percentage, and green and dry biomass yields. The use of 60 m3 ha-1 of liquid cattle manure biofertilizer increased the yield of ‘Gigante’ cactus pear. The application of 60 m3 ha-1 of biofertilizer at the interval of 14 days increased the yield of ‘Gigante’ cactus pear. Key words: Opuntia ficus-indica, semi-arid region, organic fertilization
520 _a RESUMO: A restrição hídrica associada ao elevado custo de fertilizantes, bem como, a necessidade de produzir forragem na região semiárida faz com que estudos utilizando biofertilizantes na produção de palma forrageira tendam a se tornarem impactantes. Objetivou-se com o presente estudo avaliar as características morfométricas e o rendimento de palma forrageira ‘Gigante’ cultivada sob doses e intervalos de aplicação de biofertilizante de esterco bovino. O delineamento experimental foi em blocos casualizados, no esquema fatorial 2 × 5, sendo dois intervalos de aplicação de biofertilizante (14 e 21 dias) e cinco doses de biofertilizante (0, 15, 30, 45 e 60 m3 ha-1). Foram utilizadas três repetições, totalizando 30 unidades experimentais. Foram avaliadas as seguintes variáveis: altura da planta, número de cladódios, comprimento, largura e índice de área de cladódio, percentagem de matéria seca, produtividade de biomassa verde e seca. A utilização de 60 m3 ha-1 de biofertilizante de esterco bovino liquido incrementa o rendimento da palma forrageira ‘Gigante’. A aplicação de 60 m3 ha-1 de biofertilizante no intervalo de 14 dias incrementa o rendimento da palma forrageira ‘Gigante’. Palavras-chave: Opuntia ficus-indica, semiárido, adubação orgânica
650 _aPALMA FORRAGEIRA
650 _aADUBO ORGÂNICO
650 _aMORFOLOGIA VEGETAL
650 _aRENDIMENTO
650 _aSEMIÁRIDO
773 0 _03534
_9317813
_dCampina Grande-PB Universidade Federal de Campina Grande. Centro de Ciências e Tecnologia 1997
_o2024-4532
_tRevista Brasileira de Engenharia Agrícola e Ambiental (Brazil)
_x1415-4366
_gv. 25 (9) p. 633-640; (2021)
_wBR2025002065
856 _uhttps://www.scielo.br/j/rbeaa/a/xWxHYwCbLfs35rDFtfZ7JrL/?format=pdf&lang=en
942 _cANA
999 _c338455
_d338455